County and city extra : annual metro, city, and county data book. 2016 /

Bibliographic Details
Corporate Author: ProQuest (Firm)
Other Authors: Gaquin, Deirdre A. (Editor), Ryan, Mary Meghan (Editor)
Format: eBook
Language:English
Published: Lanham, MD : Bernan Press, [2016]
Edition:24th edition.
Series:County and city extra series.
Subjects:
Online Access:Connect to the full text of this electronic book

MARC

Tag First Indicator Second Indicator Subfields
LEADER 00000cam a2200000Mi 4500
001 in00003965540
006 m o d
007 cr cnu---unuuu
008 161029s2016 mdub os 000 0 eng d
005 20250816222725.0
020 |a 9781598888706  |q electronic book 
020 |a 1598888706  |q electronic book 
024 8 |a 99974164061 
035 |a (NhCcYBP)ebc4729507 
040 |a NhCcYBP  |c NhCcYBP  |d UtOrBLW 
043 |a n-us--- 
050 4 |a HA214  |b .C68 2016 
072 7 |a SOC  |x 027000  |2 bisacsh 
082 0 4 |a 317.3  |2 23 
245 0 0 |a County and city extra :  |b annual metro, city, and county data book.  |n 2016 /  |c edited by Deirdre A. Gaquin and Mary Meghan Ryan. 
246 3 |a 2016 County and city extra 
250 |a 24th edition. 
264 1 |a Lanham, MD :  |b Bernan Press,  |c [2016] 
300 |a 1 online resource. 
336 |a text  |b txt  |2 rdacontent 
337 |a computer  |b c  |2 rdamedia 
338 |a online resource  |b cr  |2 rdacarrier 
490 1 |a County and City Extra Series 
505 0 |a 2016 County And City Extra ; Contents; Introduction; New and Updated Information for the 2016 Edition; Rankings; Subjects Covered and Volume Organization; Symbols; Sources; Subjects Covered, by Geography Type; National Data Maps; Part A. States; State Highlights and Rankings; State Column Headings; Table A; Part B. States and Counties; County Highlights and Rankings; State and County Column Headings; Table B; Part C. Metropolitan Areas; Metropolitan Area Highlights and Rankings; Metropolitan Area Column Headings; Table C; Part D. Cities of 25,000 or More; City Highlights and Rankings. 
505 8 |a City Column HeadingsTable D; Part E. Congressional Districts of the 114th Congress; Congressional District Highlights and Rankings; Congressional District Column Headings; Table E; Appendixes; A. Geographic Concepts and Codes; B. Metropolitan Statistical Areas, Metropolitan Divisions, and Components (as defined February 2013); C. Core Based Statistical Areas (Metropolitan and Micropolitan), Metropolitan Divisions, and Components (as defined February 2013); D. Map of Congressional Districts and States; E. Cities by County; F. Source Notes and Explanations. 
588 |a Description based on online resource; title from digital title page (viewed on March 15, 2017). 
500 |a Electronic resource. 
650 0 |a Cities and towns  |x Ratings and rankings  |z United States. 
651 0 |a United States  |v Statistics.  |0 http://id.loc.gov/authorities/subjects/sh85140551 
655 7 |a Electronic books.  |2 local 
700 1 |a Gaquin, Deirdre A.,  |e editor. 
700 1 |a Ryan, Mary Meghan,  |e editor.  |0 http://id.loc.gov/authorities/names/no2004028824 
710 2 |a ProQuest (Firm)  |0 http://id.loc.gov/authorities/names/n2007068018 
776 1 8 |i Print version:  |a Gaquin, Deirdre A.  |t County and City Extra 2016 : Annual Metro, City, and County Data Book.  |d Lanham : Bernan Press, ©2016  |z 9781598888690 
830 0 |a County and city extra series.  |0 http://id.loc.gov/authorities/names/no2003103768 
856 4 0 |u https://ebookcentral.proquest.com/lib/tamucs/detail.action?docID=4729507  |y Connect to the full text of this electronic book  |t 0 
955 |a YBP purchased firm e-records 
980 |b 281.25  |g 1 
987 |a ybp13237478 
999 f f |s 61b7c48e-dec1-3ffb-a313-fcf1e4f6b137  |i ae09e6fd-706c-3a82-82dc-3999f9b6f920  |t 0 
952 f f |a Texas A&M University  |b College Station  |c Electronic Resources  |d Available Online  |t 0  |e HA214 .C68 2016  |h Library of Congress classification 
998 f f |a HA214 .C68 2016  |t 0  |l Available Online